|
|
|
|
| LEADER |
01955nam a2200409 a 4500 |
| 001 |
EBC470975 |
| 003 |
MiAaPQ |
| 005 |
20200520144314.0 |
| 006 |
m o d | |
| 007 |
cr cn||||||||| |
| 008 |
040412s2005 cauab sb 001 0 eng d |
| 010 |
|
|
|z 2004008524
|
| 020 |
|
|
|z 0520241983 (cloth : alk. paper)
|
| 020 |
|
|
|z 9780520241985
|
| 020 |
|
|
|a 9780520931145 (electronic bk.)
|
| 035 |
|
|
|a (MiAaPQ)EBC470975
|
| 035 |
|
|
|a (Au-PeEL)EBL470975
|
| 035 |
|
|
|a (CaPaEBR)ebr10676307
|
| 035 |
|
|
|a (CaONFJC)MIL235753
|
| 035 |
|
|
|a (OCoLC)609850122
|
| 040 |
|
|
|a MiAaPQ
|c MiAaPQ
|d MiAaPQ
|
| 043 |
|
|
|a n-us-ca
|a n-us---
|
| 050 |
|
4 |
|a HD9567.C2
|b S33 2005
|
| 082 |
0 |
4 |
|a 338.2/7282/0979409041
|2 22
|
| 100 |
1 |
|
|a Sabin, Paul,
|d 1970-
|
| 245 |
1 |
0 |
|a Crude politics
|h [electronic resource] :
|b the California oil market, 1900-1940 /
|c Paul Sabin.
|
| 260 |
|
|
|a Berkeley :
|b University of California Press,
|c 2005.
|
| 300 |
|
|
|a xx, 307 p. :
|b ill., maps.
|
| 504 |
|
|
|a Includes bibliographical references and index.
|
| 505 |
0 |
|
|a The end of the old property regime -- The politics of the 1920 Mineral Leasing Act -- Beaches versus oil in Southern California -- "The same unsavory smell of Teapot Dome" -- The struggle to control California oil production -- Federalism and the unruly oil market -- "Transportation by taxation" -- Defending the user financing system.
|
| 533 |
|
|
|a Electronic reproduction. Ann Arbor, MI : ProQuest, 2015. Available via World Wide Web. Access may be limited to ProQuest affiliated libraries.
|
| 650 |
|
0 |
|a Petroleum industry and trade
|x Political aspects
|z California
|x History
|y 20th century.
|
| 650 |
|
0 |
|a Petroleum industry and trade
|x Government policy
|z California
|x History
|y 20th century.
|
| 650 |
|
0 |
|a Energy policy
|z United States
|x History
|y 20th century.
|
| 655 |
|
4 |
|a Electronic books.
|
| 710 |
2 |
|
|a ProQuest (Firm)
|
| 856 |
4 |
0 |
|u https://ebookcentral.proquest.com/lib/matrademy/detail.action?docID=470975
|z Click to View
|